Lebron James Quiz - Statistics

General Stats
  • This quiz has been taken 258 times
  • The average score is 8 of 15
Answer Stats
Hint Answer % Correct
numbers he wore (2) 6 23
89%
nba championships 3
86%
How many Mvps 4
83%
Highschool st vincent st marys
78%
height 68
74%
city he was born akron
71%
what year was james drafted 2003
69%
what other sport is james gifted at football
69%
what is lebrons shoe size 16
55%
Big 3 teamates (cavs) irving love
44%
middle name raymone
37%
First company to offer a shoe deal reebok
25%
when was he born december 30, 1984
22%
best friends (3) paul wade anthony
21%
Favorite teamate Ilgauskas
8%
No matching quizzes found
Score Distribution
Percent of People with Each Score
Percentile by Number Answered
Your Score History
You have not taken this quiz